000 00843nam a22002295i 4500
001 169170
003 ES-MaACL
005 20230906214021.0
008 080821s2007 sp |||| | spa d
020 _a978-84-670-2517-0
080 _a504.75
080 _a338.2:504
245 0 0 _aEstrategias para la tierra y el espacio
_b: geoísmo y cosmoísmo /
_cdirector, Antonio Lamela ; coordinador, Fernando Moliní ; prólogo Santiago Grisolía.
260 _a[Madrid] :
_bEspasa,
_c2007.
300 _a2 v. (381, 343 p.) :
_bgráf., il. col. ;
_c25 cm.
650 _aEcología humana.
_912002
650 0 4 _aDesarrollo sostenible.
_911817
700 1 _aLamela, Antonio.
_969836
700 1 _aMoliní, Fernando.
_9138243
700 1 _aGrisolía, Santiago.
_960088
852 _aES-MaACL
_jL-29610-11
_9R.142776
_z.- Ded. ms. al Ateneo de Madrid
999 _c169170
_d169170